Most Streamed Morgan Wallen Songs - Statistics

General Stats
  • This quiz has been taken 527 times
    136 since last reset
  • The average score is 8 of 21
Answer Stats
Change Streams Song % Correct
20.77 1,355,714,655 Last Night
84%
17.62 1,060,991,397 Whiskey Glasses
84%
23.07 624,906,190 7 Summers
64%
19.24 829,706,336 Chasin' You
52%
18.49 680,626,540 More Than My Hometown
46%
8.51 483,854,026 Sand In My Boots
46%
17.37 906,434,625 You Proof
39%
38.77 670,405,172 Cowgirls
38%
16.66 579,857,058 Cover Me Up
36%
12.27 428,852,515 Up Down
34%
16.20 409,226,191 The Way I Talk
33%
15.16 941,758,608 Wasted On You
33%
NEW 322,257,872 Lies Lies Lies
31%
NEW 368,837,677 Love Somebody
27%
20.82 484,518,445 Thought You Should Know
27%
13.53 316,683,329 One Thing At A Time
26%
26.04 705,016,534 Thinkin' Bout Me
23%
13.63 359,135,457 This Bar
23%
30.41 619,592,921 Spin You Around
21%
14.87 353,177,281 Somebody's Problem
17%
25.60 357,506,770 Ain't That Some
15%
No matching quizzes found
Score Distribution
Percent of People with Each Score
Percentile by Number Answered
Your Score History
You have not taken this quiz since the last reset